000 004530000a22001930004500
999 _c47738
_d47738
001 527
003 CO-MdFUSB
005 20180226143331.0
008 180226b xxu||||| |||| 00| 0 eng d
020 _a0-06-025673-7
040 _cCO-MdBIC
082 0 4 _a811P Si39l
100 1 _aSilverstein, Shel
245 1 0 _aA Light in the Attic / Shel Silverstein
260 _aNew York : Harper & Row
300 _a167 p.
505 0 0 _aPoemas
942 _cLGB